000 00292nam a22001337a 4500
008 181031b xxu||||| |||| 00| 0 eng d
020 _a9780070326668
041 _aeng
080 _a341
100 _a15
101 _aSHJ
245 _aLogical Self-Defense
_cJohnson, R.H
942 _2udc
_cBK
999 _c51322
_d51322